| 000 | 00422nam a22001457a 4500 | ||
|---|---|---|---|
| 005 | 20250310205227.0 | ||
| 008 | 250310b |||||||| |||| 00| 0 eng d | ||
| 050 | _aKRX810 | ||
| 100 | _aOwusu, Kwadwo | ||
| 245 |
_aThe Business Law of Ghana: The Law of Contract _cOwusu, Kwadwo |
||
| 260 |
_aArrca ; _bJudicial Service _cc1998 |
||
| 300 | _aVol.1 iii, 119 p, ; | ||
| 500 | _aIncludes Table of Contents | ||
| 942 |
_2lcc _cBK _n0 |
||
| 999 |
_c4671 _d4671 |
||